Sudden Death: Landlocked Countries #1 - Statistics

General Stats
  • This quiz has been taken 804 times
  • The average score is 10 of 18
Answers on the Grid
Answers color-coded by a green-red scale on the quiz's grid according to % correct below.
Bolivia
Botswana
Burkina Faso
Burundi
Central African Republic
Chad
Costa Rica
D. R. Congo
Ecuador
Equatorial Guinea
Eswatini
Ethiopia
Gambia
Ghana
Kenya
Lesotho
Madagascar
Malawi
Mali
Mauritania
Nicaragua
Niger
Nigeria
Paraguay
Republic of the Congo
Rwanda
South Sudan
Sudan
Uganda
Uruguay
Zambia
Zimbabwe
 
Answer Stats
Answer % Correct
Bolivia
83%
Chad
76%
Central African Republic
72%
Botswana
70%
Burkina Faso
62%
Burundi
61%
Lesotho
59%
Eswatini
55%
Niger
53%
Ethiopia
50%
Rwanda
50%
Paraguay
48%
Malawi
46%
Mali
46%
South Sudan
46%
Uganda
41%
Zambia
40%
Zimbabwe
39%
No matching quizzes found
Score Distribution
Percent of People with Each Score
Percentile by Number Answered
Your Score History
You have not taken this quiz